KITAB TAMADUN JEPUN / (Record no. 3147)
[ view plain ]
| 000 -LEADER | |
|---|---|
| fixed length control field | 00957nam a22002777a 4500 |
| 005 - DATE AND TIME OF LATEST TRANSACTION | |
| control field | 20260108130257.0 |
| 008 - FIXED-LENGTH DATA ELEMENTS--GENERAL INFORMATION | |
| fixed length control field | 260108b |||||||| |||| 00| 0 eng d |
| 020 ## - INTERNATIONAL STANDARD BOOK NUMBER | |
| International Standard Book Number | 9789672437369 |
| 040 ## - CATALOGING SOURCE | |
| Original cataloging agency | JKKN |
| 082 04 - DEWEY DECIMAL CLASSIFICATION NUMBER | |
| Classification number | 952 |
| Item number | FAR |
| 100 0# - MAIN ENTRY--PERSONAL NAME | |
| Personal name | Fariz Fadzilah |
| 9 (RLIN) | 5030 |
| 245 10 - TITLE STATEMENT | |
| Title | KITAB TAMADUN JEPUN / |
| Statement of responsibility, etc | FARIZ FADZILAH WAQQAS ZULFIQUER AIMAN HAZIEQ ; Penyunting: Norashimah Tajoruddin |
| 264 #1 - PRODUCTION, PUBLICATION, DISTRIBUTION, MANUFACTURE, AND COPYRIGHT NOTICE | |
| Place of production, publication, distribution, manufacture | Kuala Lumpur : |
| Name of producer, publisher, distributor, manufacturer | PATRIOTS PUBLISHING SDN. BHD. |
| Date of production, publication, distribution, manufacture, or copyright notice | [2022] |
| 300 ## - PHYSICAL DESCRIPTION | |
| Extent | xii, 346 pages: |
| Other physical details | photographs ; |
| Dimensions | 23 cm. |
| 337 ## - MEDIA TYPE | |
| Source | rdamedia |
| Media type term | unmediated |
| 338 ## - CARRIER TYPE | |
| Source | rdacarrier |
| Carrier type term | volume |
| 500 ## - GENERAL NOTE | |
| General note | Bibliography: pages [337]-346 |
| 651 #0 - SUBJECT ADDED ENTRY--GEOGRAPHIC NAME | |
| Geographic name | Japan |
| General subdivision | History |
| 9 (RLIN) | 5031 |
| 651 #0 - SUBJECT ADDED ENTRY--GEOGRAPHIC NAME | |
| Geographic name | Japan |
| General subdivision | Civilization |
| 9 (RLIN) | 5032 |
| 651 #0 - SUBJECT ADDED ENTRY--GEOGRAPHIC NAME | |
| Geographic name | Japan |
| General subdivision | Social conditions |
| 9 (RLIN) | 5033 |
| 700 #0 - ADDED ENTRY--PERSONAL NAME | |
| Personal name | Waqqas Zulfiquer, |
| Relator term | author |
| 9 (RLIN) | 5034 |
| 700 #0 - ADDED ENTRY--PERSONAL NAME | |
| Personal name | Aiman Hazieq |
| Relator term | author. |
| 9 (RLIN) | 5035 |
| 700 #0 - ADDED ENTRY--PERSONAL NAME | |
| Personal name | Norashimah Tajoruddin, |
| Relator term | editor. |
| 9 (RLIN) | 5036 |
| 942 ## - ADDED ENTRY ELEMENTS (KOHA) | |
| Source of classification or shelving scheme | Dewey Decimal Classification |
| Item type | Buku |
| 998 ## - LOCAL CONTROL INFORMATION (RLIN) | |
| PROC (RLIN) | 952 FAR |
| Withdrawn status | Lost status | Source of classification or shelving scheme | Damaged status | Not for loan | Collection code | Home library | Current library | Shelving location | Date acquired | Source of acquisition | Total Checkouts | Full call number | Barcode | Date last seen | Price effective from | Koha item type |
|---|---|---|---|---|---|---|---|---|---|---|---|---|---|---|---|---|
| Dewey Decimal Classification | Non-fiction | JKKN Main Library | JKKN Main Library | General Stacks | 08/01/2026 | BELI PEKAN ILMU | KITAB TAMADUN JEPUN | HQ006408 | 08/01/2026 | 08/01/2026 | Buku |